Southville International School and Colleges
Your cart is empty.
  • Cart
  • Lists
    Public lists Eva Luna New books Lux_list list_1
    Your lists Log in to create your own lists
  • Log in to your account
  • Your cookies
  • Search history
Southville International School and Colleges
  • Advanced search
  • Recent comments
  • Most popular
  • Libraries

Log in to your account

Log in with GOOGLE


If you do not have an external account, but do have a local account, you can still log in:

  1. Home
  2. MARC view: Rizal and the other Great Filipinos /
Normal view MARC view ISBD view

Rizal and the other Great Filipinos / (Record no. 292237)

[ view plain ]
MARC details
000 -LEADER
fixed length control field 00605nam a2200217Ia 4500
008 - FIXED-LENGTH DATA ELEMENTS--GENERAL INFORMATION
fixed length control field 160319s9999 xx 000 0 und d
020 ## - INTERNATIONAL STANDARD BOOK NUMBER
International Standard Book Number 9789710839124
050 ## - LIBRARY OF CONGRESS CALL NUMBER
Classification number 920
050 ## - LIBRARY OF CONGRESS CALL NUMBER
Item number Z11r 1998
100 ## - MAIN ENTRY--PERSONAL NAME
Personal name Zaide, Gregorio F.
245 ## - TITLE STATEMENT
Title Rizal and the other Great Filipinos /
245 ## - TITLE STATEMENT
Statement of responsibility, etc Gregorio F. Zaide, Sonia M. Zaide.
260 ## - PUBLICATION, DISTRIBUTION, ETC. (IMPRINT)
Place of publication, distribution, etc Manila :
260 ## - PUBLICATION, DISTRIBUTION, ETC. (IMPRINT)
Name of publisher, distributor, etc Diwa Textbooks
260 ## - PUBLICATION, DISTRIBUTION, ETC. (IMPRINT)
Date of publication, distribution, etc 1998
300 ## - PHYSICAL DESCRIPTION
Extent xii, 295 pages ;
300 ## - PHYSICAL DESCRIPTION
Dimensions 22 cm.
650 ## - SUBJECT ADDED ENTRY--TOPICAL TERM
Topical term or geographic name as entry element Nationalists -- Philippines -- Biography.
650 ## - SUBJECT ADDED ENTRY--TOPICAL TERM
Topical term or geographic name as entry element Philippines -- Biography.
650 ## - SUBJECT ADDED ENTRY--TOPICAL TERM
Topical term or geographic name as entry element Rizal, José, -- 1861-1896.

No items available.

Rizal and the other Great Filipinos /

APA

Zaide G. F., .Rizal and the other Great Filipinos. Manila: .

Chicago

Zaide Gregorio F, .Rizal and the other Great Filipinos. Manila: .

Harvard

Zaide G. F., .Rizal and the other Great Filipinos. Manila: .

MLA

Zaide Gregorio F, .Manila: . .

  • Print
  • Cite
  • Add to your cart (remove)
  • Save record
    BIBTEX Dublin Core MARCXML MARC (non-Unicode/MARC-8) MARC (Unicode/UTF-8) MARC (Unicode/UTF-8, Standard) MODS (XML) RIS
  • More searches
    Search for this title in:
    Other Libraries (WorldCat) Other Databases (Google Scholar) Online Stores (Bookfinder.com) Open Library (openlibrary.org)

Exporting to Dublin Core...

SOUTHVILLE LIBRARY

Southville International School and Colleges Library

1281 Tropical Ave. Cor. Luxembourg St., BF Homes International, Las Pinas City

Tel. No. 8256374 / 252358 Loc. 117/146

Powered by Koha